IFM Opac

Statistical Methods for Rates and Proportions (Record no. 16418)

MARC details
000 -LEADER
fixed length control field 00397nam a22001457a 4500
020 ## - INTERNATIONAL STANDARD BOOK NUMBER
International Standard Book Number 0 471 263702
082 ## - DEWEY DECIMAL CLASSIFICATION NUMBER
Classification number 519.535 FLE
100 ## - MAIN ENTRY--PERSONAL NAME
Personal name Fleiss Joseph L.
245 ## - TITLE STATEMENT
Title Statistical Methods for Rates and Proportions
260 ## - PUBLICATION, DISTRIBUTION, ETC.
Place of publication, distribution, etc. London
Name of publisher, distributor, etc. John Wiley
Date of publication, distribution, etc. 1973
300 ## - PHYSICAL DESCRIPTION
Extent xiii,223p.
Other physical details ill.:23cm
500 ## - GENERAL NOTE
General note include index
650 ## - SUBJECT ADDED ENTRY--TOPICAL TERM
Topical term or geographic name entry element Statistical Methods for Rates and Proportions
942 ## - ADDED ENTRY ELEMENTS (KOHA)
Koha item type Books
Holdings
Withdrawn status Lost status Source of classification or shelving scheme Damaged status Not for loan Home library Current library Shelving location Date acquired Full call number Barcode Date last seen Price effective from Koha item type
    Dewey Decimal Classification     IFM Main Campus Library IFM Main Campus Library   09/09/2016 519.535 FLE 047126370-2 09/09/2016 09/09/2016 Books